LEADER 01559nam a2200349 i 4500 001 000000171622 003 CaOOAMICUS 005 20080521000000.0 008 080521s2008 it u000 u ita u 013 $a149054 020 $a978-88-7135-297-8 020 $a978-88-397-1451-0 020 $a978-88-01-03979-5 040 $aSeMil$bita 100 1 $aDe Carli, Giuseppe <1952-2010>.$0(OLS)http://semarc/name/43062 245 10$aBenedictus :$bServus servorum Dei /$cGiuseppe De Carli ; prefazione di Rino Fisichella. 260 $aGorle :$bVelar,$cstampa 2008. 260 $aRoma :$bRAI-ERI,$cstampa 2008. 260 $aCascine Vica (TO) :$bElledici,$cstampa 2008. 300 $a243 p. :$bricc. ill. ;$c31 cm. 600 04$aBenedetto XVI .$0(OLS)http://semarc/subject/16830 700 1 $aFisichella, Rino,$c.$0(OLS)http://semarc/name/3789 850 $aSeMil 852 $aSeMil$W1$xVenegono$y1$m3A V 34$j122491$B122491$CSeMilBibl$Z2$F134739 $81 961 $aAcquisto: Editrice Velar 996 $6020$a978-88-7135-297-8$9(OLS)http://semarc/number/158772 996 $6020$a978-88-397-1451-0$9(OLS)http://semarc/number/158773 996 $6020$a978-88-01-03979-5$9(OLS)http://semarc/number/158774 996 $6245$aBenedictus :$bServus servorum Dei$9(OLS)http://semarc/title/245564 996 $6260$aGorle :$bVelar$9(OLS)http://semarc/publisher/33489 996 $6260$aCascine Vica (TO) :$bElledici$9(OLS)http://semarc/publisher/36404 996 $6260$aRoma :$bRAI-ERI$9(OLS)http://semarc/publisher/34013 LEADER 01557nam a2200337 i 4500 001 000000039146 003 CaOOAMICUS 005 20091029000000.0 008 091029s1993 it u000 u ita u 013 $a9873 020 $a88-399-0373-9 040 $aSeMil$bita 100 1 $aRich, Arthur <1910-1992>.$0(OLS)http://semarc/name/9890 240 10$aWirtschaftsethik.$0(OLS)http://semarc/title/55586 245 10$aEtica economica /$cArthur Rich ; appendice: Arthur Rich (1910-1992) : maestro del dialogo tra etica e economia, di Siegfried Karg ; [trad. di Carlo Danna]. 260 $aBrescia :$bQueriniana,$c1993. 300 $a772 p. ;$c23 cm. 490 0 $aBiblioteca di teologia contemporanea ;$v73 650 4$aEconomia e morale.$0(OLS)http://semarc/subject/6595 650 4$aEtica - Studi.$0(OLS)http://semarc/subject/4118 650 4$aEconomia - Concezione cristiana.$0(OLS)http://semarc/subject/5356 650 4$aEconomia - Morale cristiana.$0(OLS)http://semarc/subject/8055 700 1 $aDanna, Carlo.$0(OLS)http://semarc/name/2768 700 1 $aKarg, Siegfried.$0(OLS)http://semarc/name/18918 830 0$aBiblioteca di teologia contemporanea ;$v73.$0(OLS)http://semarc/title/14 850 $aSeMil 852 $aSeMil$W1$xVenegono$y1$m2BA M 73$j5301$B5301$CSeMilBibl$Z2$F5301 $81 961 $aAcquisto: Casa editrice 996 $6020$a88-399-0373-9$9(OLS)http://semarc/number/8715 996 $6245$aEtica economica$9(OLS)http://semarc/title/55585 996 $6260$aBrescia :$bQueriniana$9(OLS)http://semarc/publisher/29615